[Event "Pilsen Region-chT 2223"]
[Site "Czech Republic"]
[Date "2023.01.29"]
[Round "7.5"]
[White "Becvar, Miroslav"]
[Black "Mraz, Milos"]
[Result "0-1"]
[WhiteElo "1833"]
[BlackElo "1905"]
[PlyCount "84"]
[EventDate "2022.10.09"]
[EventType "team-tourn"]
[EventRounds "11"]
[EventCountry "CZE"]
[SourceTitle "EXT 2024"]
[Source "ChessBase"]
[SourceDate "2023.10.10"]
[SourceVersion "1"]
[SourceVersionDate "2023.10.10"]
[SourceQuality "1"]
[WhiteTeam "Tachov"]
[BlackTeam "Loko"]
[WhiteTeamCountry "CZE"]
[BlackTeamCountry "CZE"]

1. d4 Nf6 2. c4 g6 3. Nc3 d5 4. Bg5 Ne4 5. Bf4 Nxc3 6. bxc3 Bg7 7. e3 0-0 8. Nf3 c5 9. Ne5 Qa5 10. Qd2 cxd4 11. cxd4 Qxd2+ 12. Kxd2 f6 13. Nf3 Be6 14. c5 Nc6 15. Bb5 g5 16. Bg3 g4 17. Ne1 Bc8 18. Nc2 e5 19. Rae1 a6 20. Ba4 Bf5 21. f3 gxf3 22. gxf3 Bxc2 23. Bxc6 bxc6 24. Kxc2 Rab8 25. Rb1 Rb5 26. a4 Rbb8 27. Rhg1 Kf7 28. f4 exd4 29. exd4 f5 30. Kd3 Rfe8 31. Rge1 Rxe1 32. Rxb8 Rd1+ 33. Ke2 Rxd4 34. Rb7+ Kg6 35. Rc7 Re4+ 36. Kf3 Re6 37. Ra7 Bc3 38. Rxa6 d4 39. Ra7 Re3+ 40. Kg2 d3 41. Rd7 d2 42. Bf2 Re1 0-1